000 00448nam a2200169 i 4500
001 25826
003 ES-MaACL
005 20230906153336.0
007 t|
008 030103s1961 sp ||||1| spa d
100 1 _aArellano, Tirso.
_922585
245 1 0 _aManual del ejercitante /
_cTirso Arellano.
250 _a10ยช ed.
260 _aZaragoza :
_bHechos y Dichos,
_c[1961]
300 _a234 p. ;
_c15 cm.
852 _aES-MaACL
_jC-21079
_bR.49674
999 _c25826
_d25826